Biggest Cities in North America - Extreme - Statistics

General Stats
  • This quiz has been taken 2,124 times
    2,082 since last reset
  • The average score is 110 of 200
Answer Stats
Population Urban Area % Correct
21.2m New York City
99%
17.7m Los Angeles - Riverside
98%
9.8m Chicago
97%
22.6m Mexico City
97%
7.8m San Francisco Bay Area
97%
7.7m Boston-Worcester-Providence
96%
7.0m Dallas
96%
6.25m Miami
96%
6.5m Houston
95%
4.3m Seattle
95%
7.35m Toronto
93%
6.3m Washington D.C.
93%
7.35m Philadelphia
92%
4.5m Phoenix
92%
515k Portland (Maine)
92%
2.4m Portland (Oregon)
92%
3.4m San Diego
92%
6.0m Atlanta
91%
3.65m Denver
91%
5.7m Detroit
91%
2.75m Vancouver
91%
580k Jackson
90%
2.25m Las Vegas
90%
4.25m Montréal
90%
3.3m Orlando
90%
2.35m San Jose (Costa Rica)
90%
2.15m Austin
89%
2,15m San Antonio
89%
1.65m Jacksonville
88%
2.0m Kansas City
88%
1.15m New Orleans
88%
4.2m Tampa
88%
1.9m Nashville
87%
3.15m Cleveland
86%
2.7m El Paso-Juarez
86%
2.1m Indianapolis
86%
2.35m St. Louis
86%
2.9m Charlotte
85%
2.75m Cincinnati
85%
1.35m Memphis
85%
3.1m Minneapolis
85%
1.2m Oklahoma City
85%
2.1m Pittsburgh
85%
2.85m Baltimore
84%
1.35m Edmonton
84%
1.3m Ottawa
84%
1.55m Panama City
84%
1.5m Calgary
83%
2.25m Havana
83%
2.35m Salt Lake City
83%
5.15m Guadalajara
82%
2.1m Sacramento
82%
2.4m Columbus
81%
1.6m Milwaukee
80%
4.85m Monterrey
80%
1.7m Raleigh - Durham
80%
1.35m Buffalo
79%
1.3m Louisville
79%
3.1m Guatemala City
78%
1.0m Tucson
78%
805k Quebec City
77%
910k Albuquerque
76%
3.1m Port-Au-Prince
76%
3.85m Santo Domingo
76%
915k Kingston
75%
2.0m Tijuana
75%
1.15m Birmingham
74%
980k Omaha
74%
1.7m Virginia Beach-Norfolk
74%
965k Tulsa
73%
1.05m Baton Rouge
72%
710k Boise
72%
1.1m Richmond
72%
1.85m San Salvador
72%
745k Cancun
70%
750k Charleston
70%
650k Des Moines
70%
975k Fresno
70%
700k Springfield (Massachusetts)
70%
545k Springfield (Missouri)
70%
780k Winnipeg
70%
715k Colorado Springs
69%
740k Little Rock
68%
1.2m Albany
67%
405k Anchorage
67%
1.35m Managua
67%
430k Reno
67%
2.1m San Juan
66%
385k Tallahassee
66%
1.15m Tegucigalpa
66%
685k Wichita
65%
1.0m Honolulu
64%
1.1m Rochester
64%
610k Madison
63%
815k Columbia
62%
1.5m Hartford
62%
670k Winston-Salem
62%
465k Montgomery
61%
388k Savannah
61%
3.1m Puebla
60%
560k Spokane
60%
1.05m Grand Rapids
59%
870k Knoxville
59%
415k Mobile
59%
610k Toledo
58%
405k Halifax
57%
405k Salem
57%
840k Bakersfield
56%
515k Lexington
56%
538k Corpus Christi
55%
665k Syracuse
55%
1.15m Greensboro
54%
605k Augusta
53%
865k New Haven - Bridgeport
53%
805k Dayton
52%
1.35m Harrisburg
49%
1.2m Stockton-Modesto
49%
420k Fort Wayne
46%
500k London
46%
1.15m Merida
46%
755k Chattanooga
45%
750k Hamilton
45%
535k Lansing
44%
380k Victoria
44%
780k Laredo - Nuevo Laredo
43%
1.95m Leon
43%
460k Huntsville
42%
1.05m Acapulco
41%
1.5m McAllen-Reynosa
41%
1.4m Brownsville-Matamoros
39%
1.1m Cape Coral - Ft. Myers
39%
920k Chihuahua
39%
445k Shreveport
39%
1.1m Mexicali
38%
410k Manchester
36%
1.2m San Pedro Sula
36%
440k Santiago de Cuba
36%
695k Santiago de Los Caballeros
36%
442k Cedar Rapids-Iowa City
35%
490k Lafayette
35%
495k Fayetteville - Rogers (Arkansas)
34%
650k Oaxaca
34%
1.2m San Luis Potosi
34%
830k Allentown
33%
570k Scranton - Wilkes Barre
33%
2.25m Toluca
33%
400k Santa Ana (El Salvador)
32%
705k Veracruz
32%
420k Flint
29%
610k Daytona Beach
28%
425k Macon - Warner Robins
28%
600k Melbourne
26%
900k Greenville
25%
885k Hermosillo
25%
825k Oxnard- Ventura - Thousand Oaks
25%
465k Pensacola
23%
408k Peoria
23%
1.15m Aguascalientes
22%
383k Gulfport-Biloxi
22%
660k Durango
21%
440k Port St. Lucie
21%
435k Rockford
20%
725k Sarasota
20%
725k South Bend - Elkhart
20%
1.35m Torreon
20%
400k Davenport
19%
426k Puerto Vallarta
19%
1.4m Queretaro
19%
392k St. Catharines - Niagara
19%
430k Asheville
18%
525k Kitchener
18%
585k Lakeland
18%
543k Lancaster
18%
810k Xalapa
16%
790k Culiacan
14%
925k Saltillo
14%
705k Stamford - Norwalk
14%
930k Tampico
14%
645k Villahermosa
14%
405k Beaumont
13%
660k Mazatlan
13%
600k Morelia
13%
585k San Miguel
13%
545k Youngstown
13%
425k Santa Maria
11%
755k Tuxtla Gutierrez
11%
437k Salinas
10%
455k Killen-Temple-Fort Hood
9%
470k Myrtle Beach - Conway
9%
490k Tepic
9%
525k Ensenada
8%
465k Visalia
8%
405k Ciudad Obregon
7%
510k Kingsport-Bristol-Johnson City
7%
665k Quetzaltenango
7%
407k Appleton-Oshkosh
6%
398k Irapuato
5%
475k Celaya
3%
425k Cartago
2%
465k Port de Paix
1%
No matching quizzes found
Score Distribution
Percent of People with Each Score
Percentile by Number Answered
Your Score History
You have not taken this quiz since the last reset